[Event "POL-chT 2nd League"]
[Site "Jastrzebia Gora"]
[Date "2018.09.03"]
[Round "3.104"]
[White "Bednarczyk, Damian"]
[Black "Krzewski, Dariusz"]
[Result "1-0"]
[WhiteElo "2215"]
[BlackElo "2182"]
[PlyCount "57"]
[EventDate "2018.09.01"]
[EventType "team-swiss"]
[EventRounds "9"]
[EventCountry "POL"]
[SourceTitle "CBM 186 Extra"]
[Source "ChessBase"]
[SourceDate "2018.08.24"]
[SourceVersion "1"]
[SourceVersionDate "2018.08.24"]
[SourceQuality "1"]
[WhiteTeam "Staniatki Goniec"]
[BlackTeam "Olsztyn Debiut Dziesiatka"]
[WhiteTeamCountry "POL"]
[BlackTeamCountry "POL"]

1. d4 b5 2. a4 b4 3. c4 Bb7 4. Nd2 Nf6 5. Qc2 d6 6. Ngf3 c5 7. d5 g6 8. b3 Bg7 9. Bb2 0-0 10. e4 e5 11. Bd3 Bc8 12. g3 Nh5 13. Nh4 Bf6 14. Ng2 Bh3 15. Ne3 Bg5 16. 0-0-0 Qc8 17. Nf3 Bh6 18. Kb1 f5 19. exf5 gxf5 20. g4 Bxe3 21. fxe3 Ng7 22. Rdg1 Bxg4 23. Ng5 h6 24. Ne6 Nxe6 25. Bxf5 Rxf5 26. Qxf5 Ng7 27. Qxg4 Qxg4 28. Rxg4 Kf7 29. Rf1+ 1-0

[Event "POL-chT 2nd League"]
[Site "Jastrzebia Gora"]
[Date "2018.09.01"]
[Round "1.16"]
[White "Gumula, Daniel"]
[Black "Krzewski, Dariusz"]
[Result "1-0"]
[WhiteElo "2218"]
[BlackElo "2182"]
[PlyCount "75"]
[EventDate "2018.09.01"]
[EventType "team-swiss"]
[EventRounds "9"]
[EventCountry "POL"]
[SourceTitle "CBM 186 Extra"]
[Source "ChessBase"]
[SourceDate "2018.08.24"]
[SourceVersion "1"]
[SourceVersionDate "2018.08.24"]
[SourceQuality "1"]
[WhiteTeam "Jaworzno"]
[BlackTeam "Olsztyn Debiut Dziesiatka"]
[WhiteTeamCountry "POL"]
[BlackTeamCountry "POL"]

1. c4 e6 2. Nf3 Nf6 3. b3 b6 4. Bb2 Bb7 5. Qc2 Be7 6. e3 0-0 7. Be2 c5 8. g4 Ne4 9. h4 Bf6 10. g5 Bxb2 11. Qxb2 d5 12. d3 Nd6 13. h5 Nf5 14. h6 g6 15. Nbd2 Nc6 16. 0-0-0 d4 17. Ne4 e5 18. Nf6+ Kh8 19. e4 Nd6 20. Nd5 Ne7 21. Nf6 Nc6 22. Nd5 Ne7 23. Nf6 Ng8 24. Ng4 Re8 25. Rhg1 f6 26. gxf6 Nf7 27. Qd2 Nxf6 28. Nxf6 Qxf6 29. Rdf1 Rf8 30. Nh2 Nd8 31. Ng4 Qf4 32. Qxf4 exf4 33. Ne5 Nc6 34. Nxc6 Bxc6 35. Bg4 Rae8 36. Kd2 Rf6 37. Rb1 Re5 38. a3 1-0